书目信息 |
| 题名: |
澳门回归300问
|
|
| 作者: | 文钧 编著 | |
| 分册: | ||
| 出版信息: | 北京 中国旅游出版社 1999 |
|
| 页数: | 18,170页 | |
| 开本: | 20cm | |
| 丛书名: | ||
| 单 册: | ||
| 中图分类: | D676.59 | |
| 科图分类: | ||
| 主题词: | 政治--中国 | |
| 电子资源: | ||
| ISBN: | 7-5032-1575-5 | |
| 000 | 00635nam0 2200229 450 | |
| 001 | 1251461202 | |
| 005 | 20121004141942.78 | |
| 010 | @a7-5032-1575-5@dCNY14.80 | |
| 100 | @a19990709d1999 em y0chiy0110 ea | |
| 101 | 0 | @achi |
| 102 | @aCN@b110000 | |
| 105 | @abf z 000yy | |
| 200 | 1 | @a澳门回归300问@Aao men hui gui 300 wen@f文钧等编著 |
| 210 | @a北京@c中国旅游出版社@d1999 | |
| 215 | @a18,170页@c图@d20cm | |
| 606 | 0 | @a政治@x中国 |
| 607 | @a澳门特别行政区@x概况 | |
| 607 | @2CT@3S001029@a澳门特别行政区 | |
| 690 | @aD676.59@v4 | |
| 701 | 0 | @a文钧@Awen jun@4编著 |
| 801 | 0 | @aCN@bNLC@c20101222 |
| 905 | @a10447@dD676.59@eJY10 | |
| 澳门回归300问/文钧等编著.-北京:中国旅游出版社,1999 |
| 18,170页:图;20cm |
| ISBN 7-5032-1575-5:CNY14.80 |
| ● |
| 相关链接 |
|
|
|
|
正题名:澳门回归300问
索取号:D676.59/JY10
 
预约/预借
| 序号 | 登录号 | 条形码 | 馆藏地/架位号 | 状态 | 备注 |
| 1 | 7812168 | 278121685 | 学院路分馆/ [索取号:D676.59/JY10] | 在馆 | |
| 2 | 7812169 | 278121694 | 学院路分馆/ [索取号:D676.59/JY10] | 在馆 | |
| 3 | 7812170 | 278121701 | 学院路分馆/ [索取号:D676.59/JY10] | 在馆 | |
| 4 | 7812171 | 278121710 | 学院路分馆/ [索取号:D676.59/JY10] | 在馆 |